عرض عادي عرض مارك
  • Gurlebeck, Klaus.

مدخل إسم شخص

عدد التسجيلات المستخدمة في: 1

001 - رقم الضبط

  • حقل الضبط: 39813

003 - معرف رقم الضبط

  • حقل الضبط: OSt

005 - تاريخ ووقت أخر عملية

  • حقل الضبط: 20131114210114.0

008 - عناصر بيانات ثابتة الطول

  • حقل تحكم ثابت الطول: 131114|||a|||||| | ||| d

040 ## - مصدر الفهرسة

  • هيئة الفهرسة الأصلية: OSt
  • وكالة الكتابة: OSt

100 ## - مدخل -- أسم شخص

  • إسم شخص: Gurlebeck, Klaus.

670 ## - بيانات المصدر موجوده

  • الاستشهاد بالمصدر: Work cat.: (OSt)0: Gurlebeck, Klaus., Holomorphic functions in the plane and n-dimensional space /, c2008.